[Event "Voronezh op-B 23rd"]
[Site "Voronezh"]
[Date "2019.06.15"]
[Round "4"]
[White "Gusev, Dmitri"]
[Black "Titarenko, Pavel"]
[Result "1-0"]
[WhiteElo "1806"]
[BlackElo "1657"]
[PlyCount "65"]
[EventDate "2019.06.12"]
[EventType "swiss"]
[EventRounds "9"]
[EventCountry "RUS"]
[SourceTitle "EXT 2020"]
[Source "ChessBase"]
[SourceDate "2019.10.17"]
[SourceVersion "1"]
[SourceVersionDate "2019.10.17"]
[SourceQuality "1"]

1. e4 Nc6 2. Nf3 d5 3. exd5 Qxd5 4. Nc3 Qa5 5. d4 a6 6. h3 Bf5 7. Bd3 Bg6 8. a3 e6 9. Be3 Bxd3 10. Qxd3 Qh5 11. Ne2 0-0-0 12. Nf4 Qa5+ 13. c3 Qa4 14. 0-0 Nf6 15. c4 Kb8 16. b3 Qa5 17. b4 Qa4 18. b5 axb5 19. cxb5 Ne7 20. Ne5 Re8 21. Nxf7 Rg8 22. Nxe6 Ned5 23. Nc5 Bxc5 24. dxc5 Nxe3 25. fxe3 Rgf8 26. Rf4 Qa7 27. b6 cxb6 28. Qd6+ Ka8 29. cxb6 Qa6 30. Rd1 Qb5 31. Rdd4 Ne4 32. Rfxe4 Rxe4 33. Qd8+ 1-0

[Event "Voronezh op-B 23rd"]
[Site "Voronezh"]
[Date "2019.06.13"]
[Round "2"]
[White "Gopienko, Aleksandr"]
[Black "Titarenko, Pavel"]
[Result "0-1"]
[WhiteElo "1008"]
[BlackElo "1657"]
[PlyCount "70"]
[EventDate "2019.06.12"]
[EventType "swiss"]
[EventRounds "9"]
[EventCountry "RUS"]
[SourceTitle "EXT 2020"]
[Source "ChessBase"]
[SourceDate "2019.10.17"]
[SourceVersion "1"]
[SourceVersionDate "2019.10.17"]
[SourceQuality "1"]

1. d4 Nf6 2. Nf3 g6 3. c4 Bg7 4. Nc3 d6 5. e4 0-0 6. Be2 c6 7. Be3 d5 8. cxd5 cxd5 9. e5 Ne8 10. 0-0 e6 11. Rc1 Nc6 12. Qb3 Nc7 13. Rc2 f6 14. exf6 Bxf6 15. Nb5 Nxb5 16. Bxb5 Bd7 17. Bxc6 Bxc6 18. Ne5 Bxe5 19. dxe5 Rf5 20. Bd4 Qh4 21. Qe3 a6 22. f4 Raf8 23. Rcf2 Bb5 24. g3 Qg4 25. Rc1 g5 26. Kh1 h5 27. Rg1 Kh8 28. Bc3 d4 29. Qxd4 Bc6+ 30. Rfg2 gxf4 31. gxf4 Rxf4 32. Qe3 Bxg2+ 33. Rxg2 Rf1+ 34. Rg1 Rxg1+ 35. Qxg1 Qf3+ 0-1